|
|
|
|
| LEADER |
01722nam a22004092a 4500 |
| 001 |
001118243 |
| 003 |
CZ BrMZK |
| 005 |
20250611151230.0 |
| 007 |
ta |
| 008 |
100924s1949 xr er|||||||||||cze d |
| 015 |
|
|
|a cnb000677340
|
| 035 |
|
|
|a (OCoLC)85436803
|
| 040 |
|
|
|a ABA001
|b cze
|c BOA001
|d BOA001
|
| 041 |
1 |
|
|a cze
|h rus
|
| 072 |
|
7 |
|a 821.161.1
|x Ruská literatura, rusky psaná
|2 Konspekt
|9 25
|
| 080 |
|
|
|a 821.161.1-32
|2 MRF-sel
|
| 100 |
1 |
|
|a Čechov, Anton Pavlovič,
|d 1860-1904
|7 jn19990210160
|4 aut
|
| 245 |
1 |
0 |
|a A chce se žít-- /
|c A.P. Čechov ; [přeložili Vojtěch Gaja, Martin Šíma a Anna Zahradníčková]
|
| 250 |
|
|
|a 1. vyd.
|
| 260 |
|
|
|a Praha :
|b Katolický literární klub,
|c 1949
|e (Mladá Boleslav :
|f Hejda a Zbroj, n.s.)
|
| 300 |
|
|
|a 745, [6] s. ;
|c 8°
|
| 490 |
1 |
|
|a Katolický literární klub ;
|v roč. 10. sv. 5-6
|
| 500 |
|
|
|a 5500 výt.
|
| 500 |
|
|
|a Přeloženo z ruštiny
|
| 655 |
|
7 |
|a ruské povídky
|7 fd133318
|2 czenas
|
| 700 |
1 |
|
|a Gaja, Vojtěch,
|d 1912-1992
|7 jk01032254
|4 trl
|
| 700 |
1 |
|
|a Šíma, Martin,
|d 1907-1971
|7 jk01122948
|4 trl
|
| 700 |
1 |
|
|a Zahradníčková, Anna,
|d 1894-1979
|7 jk01151947
|4 trl
|
| 830 |
|
0 |
|a Katolický literární klub
|
| 856 |
4 |
1 |
|u http://www.digitalniknihovna.cz/mzk/uuid/uuid:2995c660-df40-11e4-8565-005056827e52
|y Digitalizovaný dokument
|x NDK
|
| 910 |
|
|
|a BOA001
|b 1-0243.831
|
| 990 |
|
|
|a BK
|
| 993 |
|
|
|a Y
|
| 991 |
|
|
|b 201009
|
| 996 |
6 |
|
|b 2619353097
|c 1-0243.831
|l MZK
|r Sklad / do 1 hodiny
|n 1
|w 001146056
|u 000010
|a 1
|e BOA001
|j MZK50
|s P
|
| 996 |
7 |
|
|b 2619371103
|c 1-0243.831
|l MZK
|r Sklad / do 1 hodiny
|n 0
|w 001146056
|u 000030
|a 1
|e BOA001
|j MZK50
|s A
|
| 996 |
7 |
|
|b 2619371104
|c 1-0243.831
|l MZK
|r Sklad / do 1 hodiny
|n 4
|w 001146056
|u 000020
|a 1
|e BOA001
|j MZK50
|s A
|